Корсар: романы; пер. с фр.

Podrobná bibliografie
Hlavní autor: Фаррер К. Клод
Další autoři: Сакуров И. А. (иллюстратор)
Jazyk:ruština
Vydáno: Ярославль, Нюанс, 1993
Edice:Новая библиотека приключений
Témata:
Médium: MixedMaterials Kniha
KOHA link:https://koha.lib.tpu.ru/cgi-bin/koha/opac-detail.pl?biblionumber=158384

MARC

LEADER 00000nam0a2200000 4500
001 158384
005 20231031154412.0
010 |a 5886100016 
020 |a RU  |b 93-14200 
035 |a (RuTPU)RU\TPU\book\171775 
090 |a 158384 
100 |a 20090422d1993 m y0rusy5003 ca 
101 1 |a rus  |c fre 
102 |a RU 
105 |a a z 000ay 
200 1 |a Корсар  |e романы   |e пер. с фр.  |f К. Фаррер  |g худож. И. А. Сакуров 
210 |a Ярославль  |c Нюанс  |d 1993 
215 |a 472 с.  |c ил.  |d 21 см 
225 1 |a Новая библиотека приключений 
610 1 |a Пиратство 
610 1 |a Приключенческие романы 
610 1 |a французская литература 
675 |a 84  |z rus 
700 1 |a Фаррер  |b К.  |g Клод  |4 070 
702 1 |a Сакуров  |b И. А.  |4 440 
801 0 |a RU  |b RuMRKP  |c 19950413  |g psbo 
801 1 |a RU  |b 63413507  |c 20090422  |g PSBO 
801 2 |a RU  |b 63413507  |c 20090422  |g PSBO 
942 |c BK